000 00816nam a2200277 4500
001 2895701
005 20150513121923.0
007 000
008 000
010 _a 87023127
020 _a0534088449 :
_c$19.95
040 _aUOEL
_cDLC
_dDLC
050 0 0 _aQA162
_b.H54 1988
082 0 0 _a512/.02
_219
100 1 _aHillman, Abraham P.
245 1 2 _aA first undergraduate course in abstract algebra /
_cAbraham P. Hillman, Gerald L. Alexanderson.
250 _a4th ed.
260 _aBelmont, Calif. :
_bWadsworth Pub. Co.,
_cc1988.
300 _axiv, 541 p. :
_bill. ;
_c25 cm.
500 _aIncludes index.
504 _aBibliography: p. 491-499.
650 0 _aAlgebra, Abstract.
_xMathematics
700 1 _aAlexanderson, Gerald L.
906 _a7
_bcbc
_corignew
_d1
_eocip
_f19
_gy-gencatlg
942 _2lcc
_cLL
999 _c7383
_d7383